000 01034nam a22002177a 4500
005 20140827131957.0
008 150814 | 2009 ck spa
020 _a9789588370040
041 _aspa
044 _ack
082 _a551.483
_bV15p
110 2 _aCorporación Autónoma Regional de Risaralda - CARDER
_9998
245 1 0 _aCuenca del Río Campoalegre :
_bPlan de Ordenamiento y Manejo /
_cMartha Yazmín, Valencia Valencia...(et al.)
260 _aPereira, Colombia
_bCorporación Autónoma Regional de Risaralda - CARDER
_bParques Nacionales de Colombia
_bCorporación Autónoma Regional de Caldas - CORPOCALDAS
_c2009
300 _a166 p.
_bFot. (col.), mapas
_c28 cm.
650 6 _aCuencas hidrográficas
_zCaldas (Dpt. Colombia)
_926026
650 6 _aManejo de cuencas hidrográficas
_zCaldas (Dpt. Colombia)
_926027
650 6 _aConservación de cuencas
_zCaldas (Dpt. Colombia)
_926028
700 1 _aValencia-Valencia, Martha Yazmin
_ecomp.
_925629
942 _2ddc
_cLIBRO
999 _c8593
_d8593